000 00300nam a2200121 a 4500
005 20140414132018.0
008 110314s19uu xx 00 eng d
050 _aTR
_bF87 1989
100 _aCrews, Donald
245 _aFreight train.
260 _aNew York :
_bScholastic ,
_c1978.
999 _c113401
_d113401